000 00817cab a2200241 4500
001 WB3447-01
008 090401t1998 xxu||||| |||| 00| 0 eng d
035 _a(Sirsi) u90196
041 _aeng
245 _aBritish Land defies sector gloom
260 _c1998
350 _a0
490 _aFinancial Times
_v8 December 1998, 24
490 _aIndependent
_v8 December 1998, 21(2)
520 _aDespite forecasts of an impending property slump, British Land intends to continue to expand. It has seen rental growth in the sectors in which it invests, so foresees a brighter future than many of its competitors.
650 _aBRITISH LAND
650 _aFORECASTS
650 _aPROPERTY COMPANIES
650 _aPROPERTY SLUMP
690 _aPROPERTY-COMMERCIAL PROPERTY
942 _n0
948 _c08/12/1998
999 _c57148
_d57148